zpět

Detail výsledku týmu

Pórajt pub, Plzeň

Datum a čas kvízu

30.5 Celkem bodů Celkový počet nahraných bodů na tomto kvízu bez doplňovacích otázek.
4. Pořadí na kvízu Konečné umístění týmu na tomto kvízu.

Zaznamenané odpovědi

# Otázka Odpověď Body Výsledky
1. Úředník obce Včelná na Českobu... Proti Adamu Vojtěchovi. 1
2. Na poznávacích značkách vozide... UK 0
3. Na filmovém festivalu ve franc... Jodie Fosterová 0
4. V Londýně byla minulý týden za... Leonardo Da Vinci 0
5. Napište jména obou finalistek... Karolína Plíšková, Ashleigh Bartyová 0.5
6. Letošní turnaj byl výjimečný v... Ázerbájdžán, Rumunsko 0.5
7. Patrik Schick vstřelil na turn... Chorvatska 1
8. Přiřaďte týmy k jejich umístěn... 1B 2C 3D 4A 1
9. Za půl bodu napište jméno česk... Tomáš Holeš, číslo 9 0.5
10. Neuvěřitelné štěstí měl sázkař... C 0